Dear God - Tate McRae Lyrics - Statistics

General Stats
  • This quiz has been taken 51 times
  • The average score is 287 of 385
Answer Stats
Answer % Correct
I
95%
the
95%
you
95%
he
93%
dear
90%
god
90%
my
90%
of
90%
mind
88%
to
85%
and
83%
back
83%
'e,
83%
have
83%
it
83%
be
80%
in
80%
love
80%
out
80%
still
80%
take
80%
there
80%
his
78%
on
78%
sex
78%
stay
78%
that
78%
want
78%
way
78%
we
78%
am
75%
kiss
75%
say
75%
all
73%
brain
73%
chest
73%
hands
73%
haven't
73%
I'm
73%
knees
73%
pain
73%
pleasure
73%
seen
73%
stop
73%
used
73%
years
73%
you'll
73%
but
70%
carpet
70%
ever
70%
everything
70%
hey
70%
hope
70%
hopin'
70%
like
70%
listenin'
70%
play
70%
right
70%
this
70%
two
70%
you're
70%
amazing
68%
away
68%
baby
68%
'em
68%
it's
68%
might
68%
never
68%
no
68%
(no)
68%
same
68%
air
65%
good
65%
here
65%
our
65%
person
65%
pray
65%
up
65%
about
63%
give
63%
I'd
63%
name
63%
time
63%
almost
60%
breathe
60%
erase
60%
Lay
60%
workin'
60%
facts
58%
memories
58%
new
58%
pops
58%
bein'
55%
babe
53%
bed
53%
get
53%
missin'
53%
thoughts
53%
(ah)
50%
honest
50%
imprint
50%
just
50%
promise
50%
uh
50%
why
50%
with
50%
him
48%
that's
48%
hottest
45%
really
45%
ain't
43%
I've
43%
tryna
43%
thing
38%
touched
35%
givr
5%
thake
5%
No matching quizzes found
Score Distribution
Percent of People with Each Score
Percentile by Number Answered
Your Score History
You have not taken this quiz